[Event "Junior Online 4NCL Division 3"]
[Site "online"]
[Date "2021.09.16"]
[EventDate "2021.09.16"]
[Round "3.127"]
[White "Murphy, Sam"]
[WhiteElo "1105"]
[WhiteTeam "Tetherdown Bishops"]
[Black "Srinivasan, Gowri"]
[BlackElo "1205"]
[BlackTeam "Edgware Gambits D"]
[Result "0-1"]
[PlyCount "84"]

1. d4 d5 2. c4 e6 3. Nc3 Nf6 4. Nf3 Bd6 5. e3 b6 6. Bd3 Nc6 7. O-O Bb7 8. Re1 O-O 9. Ng5 h6 10. Nf3 Qe7 11. e4 dxe4 12. Nxe4 e5 13. Nxd6 cxd6 14. dxe5 dxe5 15. Qe2 Rfe8 16. Be4 Nd4 17. Nxd4 exd4 18. f3 Qc5 19. Qd3 Bxe4 20. fxe4 Re7 21. Bf4 Rae8 22. b4 Qxb4 23. Qxd4 Rxe4 24. Rxe4 Rxe4 25. Qd8+ Kh7 26. Qd3 g6 27. Bxh6 Kxh6 28. Qh3+ Kg7 29. Qf3 Qxc4 30. Rf1 Nh5 31. a4 Nf4 32. Rf2 Re1+ 33. Rf1 Ne2+ 34. Kh1 Rxf1+ 35. Qxf1 Ng3+ 36. hxg3 Qxf1+ 37. Kh2 g5 38. Kh3 f5 39. g4 Qd3+ 40. Kh2 fxg4 41. Kg1 g3 42. a5 Qd1# 0-1

[Event "Junior Online 4NCL Division 3"]
[Site "online"]
[Date "2021.09.16"]
[EventDate "2021.09.16"]
[Round "3.128"]
[White "Dalah, Jacob"]
[WhiteElo "1125"]
[WhiteTeam "Edgware Gambits D"]
[Black "Thorburn, Rory"]
[BlackElo "1128"]
[BlackTeam "Tetherdown Bishops"]
[Result "1-0"]
[PlyCount "45"]

1. e4 e5 2. Nf3 Nc6 3. d4 exd4 4. Nxd4 Nxd4 5. Qxd4 Bd6 6. Qxg7 Qf6 7. Bh6 Nxh6 8. Qxf6 Rf8 9. Qxh6 f6 10. Be2 Be7 11. Bh5+ Kd8 12. h4 d5 13. Nc3 dxe4 14. Nd5 Bd6 15. Nxf6 e3 16. Nxh7 exf2+ 17. Kf1 Rf5 18. Rd1 Bd7 19. Bg4 Rf4 20. Rxd6 Re4 21. Qf8+ Re8 22. Rxd7+ Kc8 23. Qxe8# 1-0

[Event "Junior Online 4NCL Division 3"]
[Site "online"]
[Date "2021.09.16"]
[EventDate "2021.09.16"]
[Round "3.131"]
[White "Sasikumar, Navaneeth"]
[WhiteElo "1402"]
[WhiteTeam "Leeds Juniors 2"]
[Black "Zhu, Pengxiao"]
[BlackElo "1515"]
[BlackTeam "London Dragons Americium"]
[Result "0-1"]
[PlyCount "78"]

1. d4 d5 2. Bf4 Nf6 3. Nf3 c5 4. e3 Nc6 5. c3 Qb6 6. Qc2 Bf5 7. Qc1 e6 8. Nbd2 Be7 9. Nh4 Bg4 10. h3 Bh5 11. Bd3 Ne4 12. Nhf3 Nxd2 13. Qxd2 c4 14. Be2 O-O 15. g4 Bg6 16. h4 h6 17. h5 Bh7 18. g5 hxg5 19. Nxg5 Bxg5 20. Bxg5 f6 21. Bf4 e5 22. dxe5 fxe5 23. Qxd5+ Kh8 24. Bxe5 Rad8 25. Bxg7+ Kxg7 26. Qg5+ Kh8 27. Rg1 Qc7 28. Bxc4 Ne5 29. Be2 Bd3 30. Qh6+ Qh7 31. Qxh7+ Kxh7 32. Kf1 Nf3 33. Rg2 Bxe2+ 34. Kxe2 Rd2+ 35. Kf1 Rxb2 36. a3 Nd2+ 37. Kg1 Ne4 38. Rf1 Nxc3 39. Rg3 Ne2+ 0-1

[Event "Junior Online 4NCL Division 3"]
[Site "online"]
[Date "2021.09.16"]
[EventDate "2021.09.16"]
[Round "3.132"]
[White "Xu, Jiarui"]
[WhiteElo "1452"]
[WhiteTeam "London Dragons Americium"]
[Black "Yerabati, Suhrith"]
[BlackElo "1413"]
[BlackTeam "Leeds Juniors 2"]
[Result "1-0"]
[PlyCount "107"]

1. e4 c6 2. d4 d5 3. exd5 cxd5 4. Nc3 Bf5 5. Bf4 Nc6 6. Nf3 e6 7. Bb5 a6 8. Ba4 b5 9. Bb3 Bd6 10. Bxd6 Qxd6 11. O-O Nf6 12. h3 O-O 13. Re1 Rfe8 14. Ne5 Rac8 15. Qd2 Nd7 16. Nxd7 Qxd7 17. Qf4 Nb4 18. Rac1 a5 19. a3 a4 20. axb4 axb3 21. cxb3 Rc7 22. g4 Bg6 23. h4 h6 24. Qe3 Rec8 25. h5 Bh7 26. Qf4 Qe7 27. Nxb5 Rxc1 28. Rxc1 Rxc1+ 29. Qxc1 Bd3 30. Na3 Qxb4 31. Qc3 Qxc3 32. bxc3 Kf8 33. Kg2 Ke7 34. Kg3 Be2 35. Kf4 Bd1 36. b4 Bb3 37. Kg3 Kd6 38. f4 f6 39. g5 e5 40. gxh6 gxh6 41. fxe5+ fxe5 42. dxe5+ Kxe5 43. b5 Kd6 44. Kf4 Kc5 45. Kf5 Bd1 46. Kg6 Be2 47. Kxh6 d4 48. cxd4+ Kxd4 49. Kg6 Bxh5+ 50. Kxh5 Kc5 51. Kg5 Kb6 52. Kf5 Ka5 53. Ke5 Kb4 54. b6 1-0

[Event "Junior Online 4NCL Division 3"]
[Site "online"]
[Date "2021.09.16"]
[EventDate "2021.09.16"]
[Round "3.133"]
[White "Xu, Sienna"]
[WhiteElo "1330"]
[WhiteTeam "Leeds Juniors 2"]
[Black "Shi, Shaoquan"]
[BlackElo "1501"]
[BlackTeam "London Dragons Americium"]
[Result "0-1"]
[PlyCount "114"]

1. e4 c5 2. Nf3 d6 3. Nc3 Nf6 4. Bc4 g6 5. O-O Bg7 6. d3 O-O 7. Bg5 Nc6 8. Qd2 Bg4 9. Bh6 Bxf3 10. gxf3 Qd7 11. Rfe1 Qh3 12. Bxg7 Kxg7 13. Qf4 Nd4 14. Qg3 Nxf3+ 15. Kh1 Qxg3 16. hxg3 Nxe1 17. Rxe1 e6 18. f4 Rad8 19. b3 d5 20. exd5 exd5 21. Bxd5 Nxd5 22. Ne4 Rfe8 23. Rd1 b6 24. Ng5 Re2 25. Rc1 Ne3 26. Ne4 Rxc2 27. Rxc2 Nxc2 28. Ng5 Rxd3 29. Kg2 Ne3+ 30. Kf3 Nf5+ 31. Ke4 Re3+ 32. Kd5 Nxg3 33. Kc4 f6 34. Nh3 Ne2 35. Nf2 Rf3 36. Nd3 b5+ 37. Kxc5 Rxd3 38. Kxb5 Nc3+ 39. Kb4 Rf3 40. Ka3 Rxf4 41. Kb2 Rf3 42. Ka3 Rf2 43. Kb4 Nxa2+ 44. Kc4 h5 45. b4 Nxb4 46. Kxb4 h4 47. Kc3 h3 48. Kd3 h2 49. Ke3 h1=Q 50. Kxf2 Qe4 51. Kg3 a5 52. Kf2 Qd3 53. Ke1 Qc2 54. Kf1 a4 55. Ke1 a3 56. Kf1 a2 57. Ke1 a1=Q# 0-1

[Event "Junior Online 4NCL Division 3"]
[Site "online"]
[Date "2021.09.16"]
[EventDate "2021.09.16"]
[Round "3.134"]
[White "Gan, Mark"]
[WhiteElo "1362"]
[WhiteTeam "London Dragons Americium"]
[Black "Yerabati, Samiksha"]
[BlackElo "1337"]
[BlackTeam "Leeds Juniors 2"]
[Result "1-0"]
[PlyCount "71"]

1. e4 e5 2. Nf3 Nc6 3. Bc4 Bc5 4. c3 Nf6 5. d4 exd4 6. cxd4 Bb4+ 7. Bd2 Bxd2+ 8. Nbxd2 O-O 9. Bb3 h6 10. O-O Re8 11. e5 Nh7 12. Qc2 Ng5 13. Qg6 Ne6 14. Qh5 d5 15. exd6 Qxd6 16. d5 Nf4 17. Qh4 Nxd5 18. Qc4 Be6 19. Qb5 Rab8 20. Ne4 Qd7 21. Rfd1 Red8 22. Rd3 Nce7 23. Qxd7 Rxd7 24. Rad1 c6 25. Nc5 Rdd8 26. Nxe6 fxe6 27. R3d2 Rd6 28. Re1 Rbd8 29. Rde2 Kf7 30. Ne5+ Kf6 31. Nc4 Nf4 32. Re3 Nd3 33. Nxd6 Nxe1 34. Rxe6+ Kg5 35. Nf7+ Kf5 36. Nxd8 1-0

[Event "Junior Online 4NCL Division 3"]
[Site "online"]
[Date "2021.09.16"]
[EventDate "2021.09.16"]
[Round "3.135"]
[White "Zhu, Pengxiao"]
[WhiteElo "1515"]
[WhiteTeam "London Dragons Americium"]
[Black "Sasikumar, Navaneeth"]
[BlackElo "1402"]
[BlackTeam "Leeds Juniors 2"]
[Result "1-0"]
[PlyCount "57"]

1. d4 g6 2. c4 Bg7 3. Nc3 Nf6 4. e4 d6 5. Nge2 Nbd7 6. Ng3 c5 7. d5 a6 8. Be2 O-O 9. h4 Rb8 10. h5 b5 11. hxg6 hxg6 12. Bh6 b4 13. Bxg7 Kxg7 14. Qc1 Rh8 15. Rxh8 Qxh8 16. Nd1 Nb6 17. Ne3 Bd7 18. b3 Qc8 19. Qb2 Qc7 20. f4 Rg8 21. f5 gxf5 22. Nh5+ Kf8 23. Nxf6 exf6 24. Qxf6 fxe4 25. Bh5 Bc8 26. O-O-O Qe7 27. Rf1 Qxf6 28. Rxf6 Rg7 29. Rxd6 1-0

[Event "Junior Online 4NCL Division 3"]
[Site "online"]
[Date "2021.09.16"]
[EventDate "2021.09.16"]
[Round "3.136"]
[White "Yerabati, Suhrith"]
[WhiteElo "1413"]
[WhiteTeam "Leeds Juniors 2"]
[Black "Xu, Jiarui"]
[BlackElo "1452"]
[BlackTeam "London Dragons Americium"]
[Result "1-0"]
[PlyCount "133"]

1. d4 d5 2. Bf4 Nc6 3. Nc3 a6 4. e3 Bf5 5. f3 Nf6 6. g4 Bg6 7. h4 h6 8. h5 Bh7 9. Bd3 Bxd3 10. Qxd3 e6 11. a3 Bd6 12. Nge2 Qd7 13. Na4 b6 14. c4 Bxf4 15. Nxf4 Na5 16. cxd5 Nxd5 17. Nxd5 Qxd5 18. Nc3 Qxf3 19. Qe4 Qxe4 20. Nxe4 Nc4 21. Rc1 Nxe3 22. Rxc7 Nd5 23. Nd6+ Kd8 24. Rxf7 Rg8 25. Rhf1 Nf6 26. Kd2 Ne8 27. Nb7+ Kc8 28. Re1 Nc7 29. Rc1 Kxb7 30. Rcxc7+ Kb8 31. Rxg7 Rf8 32. Rb7+ Kc8 33. Rxb6 Rf6 34. Re7 Kd8 35. Rbxe6 Rf2+ 36. Ke3 Rf8 37. Rh7 Rb8 38. Rxa6 Rb3+ 39. Kd2 Rf2+ 40. Kc1 Rb8 41. b4 Rc8+ 42. Kd1 Rf4 43. Rg6 Rxd4+ 44. Ke2 Re4+ 45. Kf3 Re7 46. Rg8+ Re8 47. Rxe8+ Kxe8 48. Rh8+ Kd7 49. Rxc8 Kxc8 50. Ke4 Kd7 51. Kf5 Kc6 52. g5 Kb5 53. gxh6 Ka4 54. h7 Kxa3 55. h8=Q Kxb4 56. Ke5 Kc4 57. Qd8 Kc5 58. Qd6+ Kc4 59. Qd5+ Kc3 60. Ke4 Kc2 61. Kd4 Kd2 62. Qf3 Kc2 63. Qd3+ Kb2 64. Kc4 Ka1 65. Qe2 Kb1 66. Kc3 Ka1 67. Qb2# 1-0

[Event "Junior Online 4NCL Division 3"]
[Site "online"]
[Date "2021.09.16"]
[EventDate "2021.09.16"]
[Round "3.137"]
[White "Shi, Shaoquan"]
[WhiteElo "1501"]
[WhiteTeam "London Dragons Americium"]
[Black "Xu, Sienna"]
[BlackElo "1330"]
[BlackTeam "Leeds Juniors 2"]
[Result "1-0"]
[PlyCount "73"]

1. d4 d5 2. c4 dxc4 3. e4 Nf6 4. e5 Nd5 5. Bxc4 e6 6. a3 Nc6 7. Nf3 g6 8. Bg5 Nde7 9. Bf6 Rg8 10. Ng5 Nd5 11. Bxd8 Nxd8 12. Bxd5 exd5 13. Nf3 Bh6 14. Nc3 Be6 15. Nb5 Rc8 16. Nxa7 Ra8 17. Nb5 Kd7 18. Rc1 Nc6 19. Nd2 Ra5 20. a4 Rga8 21. b3 Rc8 22. O-O Nb4 23. Rb1 Nd3 24. Qc2 Nb4 25. Qc3 Na2 26. Qxa5 b6 27. Qa6 Nb4 28. Qb7 Nc6 29. Na7 Rb8 30. Qxc6+ Kd8 31. Nb5 Bd7 32. Qxc7+ Ke8 33. Qxb8+ Ke7 34. Qd6+ Kd8 35. Na7 Bxd2 36. Nc6+ Ke8 37. Qe7# 1-0

[Event "Junior Online 4NCL Division 3"]
[Site "online"]
[Date "2021.09.16"]
[EventDate "2021.09.16"]
[Round "3.138"]
[White "Yerabati, Samiksha"]
[WhiteElo "1337"]
[WhiteTeam "Leeds Juniors 2"]
[Black "Gan, Mark"]
[BlackElo "1362"]
[BlackTeam "London Dragons Americium"]
[Result "0-1"]
[PlyCount "62"]

1. e4 c5 2. Nf3 g6 3. Bc4 Bg7 4. Nc3 Nc6 5. Ng5 e6 6. d3 h6 7. Nf3 Nge7 8. Be3 d5 9. exd5 exd5 10. Bb5 d4 11. Bxc6+ Nxc6 12. Qe2 dxe3 13. Qxe3+ Qe7 14. Ne4 f5 15. Nd6+ Kf8 16. Qxe7+ Kxe7 17. Nxc8+ Raxc8 18. O-O-O Kf7 19. Rde1 Rhe8 20. Rxe8 Rxe8 21. c3 Ne5 22. Nxe5+ Rxe5 23. f4 Re3 24. Kd2 Re7 25. Rd1 b6 26. Kc2 h5 27. Kb3 Bh6 28. g3 Re2 29. h4 Re3 30. d4 cxd4 31. Rxd4 Re7 0-1

[Event "Junior Online 4NCL Division 3"]
[Site "online"]
[Date "2021.09.16"]
[EventDate "2021.09.16"]
[Round "3.141"]
[White "Cann, Harriet"]
[WhiteElo "744"]
[WhiteTeam "Harrow Juniors F"]
[Black "Groot Wassink, Emma"]
[BlackElo "1384"]
[BlackTeam "JHJ Shark Tank 5"]
[Result "0-1"]
[PlyCount "40"]

1. e3 e5 2. Nf3 Nc6 3. Nxe5 Nxe5 4. Bc4 Nxc4 5. O-O Bc5 6. b4 Bxb4 7. Nc3 Nf6 8. f3 O-O 9. h4 Nh5 10. f4 Qxh4 11. f5 Ng3 12. f6 Nxf1 13. e4 Qxf6 14. e5 Nxe5 15. g3 Nxg3 16. d3 Nf3+ 17. Kf2 Bc5+ 18. Kxg3 Bd6+ 19. Kg4 Qf4+ 20. Kh5 g6# 0-1

[Event "Junior Online 4NCL Division 3"]
[Site "online"]
[Date "2021.09.16"]
[EventDate "2021.09.16"]
[Round "3.142"]
[White "Xu, Tianyou"]
[WhiteElo "1364"]
[WhiteTeam "JHJ Shark Tank 5"]
[Black "Parikh, Aadhya"]
[BlackElo "574"]
[BlackTeam "Harrow Juniors F"]
[Result "1-0"]
[PlyCount "43"]

1. e4 e5 2. Nf3 Nc6 3. Bc4 Bd6 4. Nc3 Nf6 5. d3 O-O 6. Bg5 Bb4 7. O-O d6 8. Nd5 Bg4 9. Nxf6+ Kh8 10. Nxg4 Qd7 11. Ne3 f6 12. Bh4 Qe8 13. Nf5 g6 14. Ne3 g5 15. Nxg5 fxg5 16. Bxg5 h6 17. Bxh6 Rg8 18. Bxg8 Kxg8 19. Qg4+ Kf7 20. Qg7+ Ke6 21. Nd5 Nd8 22. Nxc7# 1-0

[Event "Junior Online 4NCL Division 3"]
[Site "online"]
[Date "2021.09.16"]
[EventDate "2021.09.16"]
[Round "3.143"]
[White "Shah, Kian"]
[WhiteElo "596"]
[WhiteTeam "Harrow Juniors F"]
[Black "Stehlin, Nathan"]
[BlackElo "1370"]
[BlackTeam "JHJ Shark Tank 5"]
[Result "0-1"]
[PlyCount "32"]

1. e4 c5 2. d3 e6 3. Nc3 d5 4. e5 f6 5. exf6 Nxf6 6. d4 Nc6 7. dxc5 Bxc5 8. b4 Bxb4 9. Bd2 O-O 10. Qe2 b6 11. O-O-O Ba3+ 12. Kb1 Qd6 13. Ne4 dxe4 14. Re1 e3 15. Bxe3 Qb4+ 16. Ka1 Qb2# 0-1

[Event "Junior Online 4NCL Division 3"]
[Site "online"]
[Date "2021.09.16"]
[EventDate "2021.09.16"]
[Round "3.144"]
[White "Agbota, Fenu"]
[WhiteElo "1300"]
[WhiteTeam "JHJ Shark Tank 5"]
[Black "Patel Davis, Asha"]
[BlackElo "500"]
[BlackTeam "Harrow Juniors F"]
[Result "1-0"]
[PlyCount "45"]

1. e4 d5 2. exd5 Qxd5 3. Nc3 Qd8 4. Nf3 Bg4 5. d4 Nd7 6. Bf4 c6 7. Bc4 Ngf6 8. Qd2 e6 9. Qe2 Ba3 10. bxa3 O-O 11. h3 Bxf3 12. Qxf3 b5 13. Bd3 Qa5 14. Bd2 h5 15. O-O Rab8 16. Ne4 Kh8 17. Bxa5 Kg8 18. Nxf6+ Nxf6 19. Bc7 Rbc8 20. Be5 Nd7 21. Qxh5 Nf6 22. Bxf6 gxf6 23. Qh7# 1-0

[Event "Junior Online 4NCL Division 3"]
[Site "online"]
[Date "2021.09.16"]
[EventDate "2021.09.16"]
[Round "3.145"]
[White "Groot Wassink, Emma"]
[WhiteElo "1384"]
[WhiteTeam "JHJ Shark Tank 5"]
[Black "Cann, Harriet"]
[BlackElo "744"]
[BlackTeam "Harrow Juniors F"]
[Result "1-0"]
[PlyCount "51"]

1. e4 e6 2. d4 e5 3. dxe5 Bb4+ 4. c3 Bxc3+ 5. Nxc3 d6 6. exd6 c6 7. Nf3 Bd7 8. Qd4 Kf8 9. Bg5 f6 10. Bh4 c5 11. Qxc5 b6 12. Qd5 a6 13. Qxa8 b5 14. e5 Kf7 15. exf6 Qe8+ 16. Be2 Qxe2+ 17. Kxe2 Ke6 18. Qxb8 Kf5 19. Nd4+ Ke5 20. fxg7 Kxd4 21. gxh8=Q+ Kc4 22. Qc7+ Kb4 23. a3+ Kb3 24. Qa5 Kxb2 25. Qb4+ Kc2 26. Ra2# 1-0

[Event "Junior Online 4NCL Division 3"]
[Site "online"]
[Date "2021.09.16"]
[EventDate "2021.09.16"]
[Round "3.146"]
[White "Parikh, Aadhya"]
[WhiteElo "574"]
[WhiteTeam "Harrow Juniors F"]
[Black "Xu, Tianyou"]
[BlackElo "1364"]
[BlackTeam "JHJ Shark Tank 5"]
[Result "0-1"]
[PlyCount "44"]

1. e4 e5 2. Nf3 Nc6 3. Nc3 Nf6 4. Bb5 Bc5 5. Nxe5 Nxe5 6. d4 Bxd4 7. Qxd4 Nc6 8. Qd1 d6 9. O-O O-O 10. Bg5 Qe7 11. Bd3 Qe5 12. f4 Qd4+ 13. Rf2 Ng4 14. Qe1 Nxf2 15. Ne2 Nxd3+ 16. Kh1 Nxe1 17. Nxd4 Nxd4 18. Rxe1 Nxc2 19. Rc1 Nd4 20. Rxc7 Bg4 21. Rxb7 Rfc8 22. Rb4 Rc1# 0-1

[Event "Junior Online 4NCL Division 3"]
[Site "online"]
[Date "2021.09.16"]
[EventDate "2021.09.16"]
[Round "3.147"]
[White "Stehlin, Nathan"]
[WhiteElo "1370"]
[WhiteTeam "JHJ Shark Tank 5"]
[Black "Shah, Kian"]
[BlackElo "596"]
[BlackTeam "Harrow Juniors F"]
[Result "1-0"]
[PlyCount "43"]

1. c4 e5 2. e3 f5 3. d4 d6 4. Nc3 Be6 5. Nf3 exd4 6. exd4 d5 7. Qb3 dxc4 8. Bxc4 Bxc4 9. Qxc4 g6 10. Qb5+ c6 11. Qe5+ Kd7 12. Qxh8 Qe7+ 13. Be3 Bg7 14. Qxg8 Bf8 15. Kd2 Bg7 16. Rhe1 b5 17. Bh6 Bxh6+ 18. Kc2 Bg7 19. Rxe7+ Kxe7 20. Qxg7+ Ke6 21. Re1+ Kd6 22. Qe7# 1-0

[Event "Junior Online 4NCL Division 3"]
[Site "online"]
[Date "2021.09.16"]
[EventDate "2021.09.16"]
[Round "3.148"]
[White "Patel Davis, Asha"]
[WhiteElo "500"]
[WhiteTeam "Harrow Juniors F"]
[Black "Agbota, Fenu"]
[BlackElo "1300"]
[BlackTeam "JHJ Shark Tank 5"]
[Result "0-1"]
[PlyCount "86"]

1. e4 c6 2. d3 d5 3. Nc3 d4 4. Nce2 e5 5. g3 Nf6 6. f3 Bd6 7. Bg5 Nbd7 8. h4 h6 9. Bxf6 Qxf6 10. h5 Bb4+ 11. Kf2 Nc5 12. a3 Ba5 13. Rh4 Bd8 14. Rg4 Bxg4 15. b4 Ne6 16. Kg2 Bxh5 17. Kf2 Ng5 18. Ke1 Bxf3 19. Nxf3 Nxf3+ 20. Kf2 Nd2+ 21. Ke1 Qxf1+ 22. Kxd2 Bg5+ 23. Nf4 Qxd1+ 24. Kxd1 exf4 25. gxf4 Bxf4 26. e5 h5 27. Ke2 h4 28. Rh1 O-O-O 29. Kf1 Bxe5 30. b5 cxb5 31. a4 bxa4 32. c4 dxc3 33. Ke1 c2 34. Ke2 Bf4 35. Kf3 Bh6 36. Kg4 c1=Q 37. Rxc1+ Bxc1 38. Kf3 Rxd3+ 39. Ke2 Rhd8 40. Ke1 Rd2 41. Kf1 Rc2 42. Ke1 Be3 43. Kf1 Rd1# 0-1

[Event "Junior Online 4NCL Division 3"]
[Site "online"]
[Date "2021.09.16"]
[EventDate "2021.09.16"]
[Round "3.151"]
[White "Timbrell, Matthew"]
[WhiteElo "1473"]
[WhiteTeam "Somerset Lions"]
[Black "Jakhria, Kushal"]
[BlackElo "1678"]
[BlackTeam "Charlton Tigers"]
[Result "0-1"]
[PlyCount "118"]

1. c4 c5 2. Nc3 Nc6 3. g3 g6 4. Bg2 Bg7 5. e3 e5 6. Nge2 Nge7 7. O-O O-O 8. b3 b6 9. Bb2 Bb7 10. Nb5 d6 11. d4 a6 12. Na3 Rb8 13. d5 Nb4 14. Nc2 a5 15. f4 Nf5 16. e4 Nxc2 17. Qxc2 Ne3 18. Qc1 Nxf1 19. Qxf1 exf4 20. Bxg7 Kxg7 21. Qxf4 Qf6 22. Qxf6+ Kxf6 23. Rf1+ Kg7 24. Nf4 Rbe8 25. Nd3 f5 26. exf5 Rxf5 27. Nf4 Kg8 28. Bh3 Rfe5 29. Be6+ Kh8 30. Nh3 Bc8 31. Ng5 Bxe6 32. Nxe6 Re2 33. Rf2 Rxf2 34. Kxf2 Kg8 35. a4 Kf7 36. Ke3 Kf6 37. g4 Ke5 38. h3 Re7 39. h4 Rf7 40. Ng5 Rf1 41. Nxh7 Rb1 42. Nf8 Rxb3+ 43. Kf2 Kf4 44. g5 Kf5 45. Ne6 Rb4 46. Ke2 Rxc4 47. Kd3 Rxa4 48. Nc7 Rxh4 49. Nb5 Ke5 50. Nxd6 Kxd6 51. Ke3 Kxd5 52. Kf3 Rh5 53. Kg3 a4 54. Kg4 a3 55. Kf4 a2 56. Ke3 a1=Q 57. Kd3 Rh3+ 58. Kd2 Qb2+ 59. Ke1 Rh1# 0-1

[Event "Junior Online 4NCL Division 3"]
[Site "online"]
[Date "2021.09.16"]
[EventDate "2021.09.16"]
[Round "3.152"]
[White "Bazan, Mateusz"]
[WhiteElo "1482"]
[WhiteTeam "Charlton Tigers"]
[Black "Keech, Gabriel"]
[BlackElo "1520"]
[BlackTeam "Somerset Lions"]
[Result "1/2-1/2"]
[PlyCount "110"]

1. d4 Nf6 2. c4 h6 3. Nc3 d5 4. b3 g6 5. Bb2 Bg7 6. Nf3 c6 7. g3 O-O 8. Bg2 Bf5 9. O-O Nbd7 10. Ne5 Nxe5 11. dxe5 Nd7 12. cxd5 Nxe5 13. dxc6 Nxc6 14. Na4 Rc8 15. Bxg7 Kxg7 16. Rc1 Qd7 17. Qxd7 Bxd7 18. Nc5 Rc7 19. Nxb7 Rfc8 20. Bxc6 Bxc6 21. Na5 Bb5 22. Rxc7 Rxc7 23. Re1 Rc2 24. e3 Rxa2 25. Nc4 Bxc4 26. bxc4 Rc2 27. Ra1 Rxc4 28. Rxa7 Kf6 29. Kg2 Ke6 30. Kf3 f5 31. h3 Kf6 32. Ra6+ e6 33. g4 fxg4+ 34. hxg4 Kg5 35. Rxe6 Rxg4 36. Re5+ Kf6 37. Kxg4 Kxe5 38. f4+ Ke4 39. Kg3 Kxe3 40. Kg4 Ke4 41. Kg3 Kf5 42. Kf3 g5 43. fxg5 hxg5 44. Kg3 g4 45. Kg2 Kg5 46. Kg3 Kh5 47. Kg2 Kh4 48. Kh2 g3+ 49. Kg2 Kg4 50. Kg1 Kh3 51. Kh1 Kg4 52. Kg2 Kf4 53. Kg1 Kf3 54. Kf1 g2+ 55. Kg1 Kg3 1/2-1/2

[Event "Junior Online 4NCL Division 3"]
[Site "online"]
[Date "2021.09.16"]
[EventDate "2021.09.16"]
[Round "3.153"]
[White "Wang, Andy"]
[WhiteElo "1361"]
[WhiteTeam "Somerset Lions"]
[Black "Verbytski, Oleg"]
[BlackElo "1462"]
[BlackTeam "Charlton Tigers"]
[Result "0-1"]
[PlyCount "56"]

1. d4 Nf6 2. Bf4 g6 3. Nf3 Bg7 4. e3 d6 5. c4 O-O 6. Nc3 c5 7. Be2 cxd4 8. exd4 Bf5 9. O-O Nc6 10. Qb3 Qc7 11. Rad1 Rac8 12. c5 a6 13. Rfe1 Na5 14. Qa3 Rfd8 15. cxd6 exd6 16. Rc1 Qb6 17. Na4 Qa7 18. Rxc8 Rxc8 19. Bxd6 Ne4 20. Qb4 Nc6 21. Nc5 Nxb4 22. Nxe4 Nc2 23. Rc1 Bxe4 24. Ng5 Qxd4 25. Nxe4 Qxe4 26. Kf1 Bxb2 27. Rb1 Ne3+ 28. fxe3 Qxb1+ 0-1

[Event "Junior Online 4NCL Division 3"]
[Site "online"]
[Date "2021.09.16"]
[EventDate "2021.09.16"]
[Round "3.154"]
[White "Gao, Alex"]
[WhiteElo "1270"]
[WhiteTeam "Charlton Tigers"]
[Black "Ranpura, Kirin"]
[BlackElo "1391"]
[BlackTeam "Somerset Lions"]
[Result "1-0"]
[PlyCount "83"]

1. e4 e6 2. d4 d5 3. e5 c5 4. c3 Nc6 5. Nf3 Bd7 6. a3 Qb6 7. b4 cxd4 8. cxd4 Qc7 9. Be3 Nge7 10. Bd3 Ng6 11. Nbd2 Be7 12. O-O Rc8 13. Rc1 O-O 14. b5 Qa5 15. bxc6 Bxc6 16. Nb3 Qxa3 17. Nc5 b6 18. Ra1 Qb4 19. Bd2 Qb2 20. Na4 Bxa4 21. Qxa4 a5 22. Rfb1 Qxa1 23. Qxa1 Rb8 24. h3 Rb7 25. Ba6 Rbb8 26. Rb5 Bd8 27. Bxa5 Ra8 28. Bxb6 Bxb6 29. Rxb6 Rfc8 30. Qf1 Rc7 31. Qb5 Nf8 32. Rb8 Rxb8 33. Qxb8 Rc1+ 34. Kh2 Rc2 35. Kg3 h5 36. Qb3 Rc1 37. Qe3 Ra1 38. Ng5 Rxa6 39. Qd3 Rb6 40. Qf3 Rc6 41. Qxf7+ Kh8 42. Qxf8# 1-0

[Event "Junior Online 4NCL Division 3"]
[Site "online"]
[Date "2021.09.16"]
[EventDate "2021.09.16"]
[Round "3.155"]
[White "Jakhria, Kushal"]
[WhiteElo "1678"]
[WhiteTeam "Charlton Tigers"]
[Black "Timbrell, Matthew"]
[BlackElo "1473"]
[BlackTeam "Somerset Lions"]
[Result "0-1"]
[PlyCount "132"]

1. d4 d5 2. c4 c6 3. Nc3 Nf6 4. Nf3 g6 5. g3 Bg7 6. Bg2 O-O 7. O-O Bg4 8. Ne5 Bc8 9. cxd5 cxd5 10. Qb3 e6 11. Bg5 h6 12. Bxf6 Bxf6 13. Rfd1 Nd7 14. Nxd7 Qxd7 15. e3 b6 16. Rac1 Bb7 17. Rd2 Rfc8 18. Rdc2 Ba6 19. Bf1 Bxf1 20. Kxf1 Bd8 21. Ne2 Rxc2 22. Rxc2 Rc8 23. Nf4 Rxc2 24. Qxc2 Qc7 25. Qd2 Qc4+ 26. Nd3 Qxa2 27. Ne5 Qa4 28. Qc3 Qa6+ 29. Kg2 Qb7 30. Nc6 Bc7 31. b4 a6 32. Ne7+ Kf8 33. Nc6 Ke8 34. Qc1 Kd7 35. Ne5+ Bxe5 36. dxe5 Qc7 37. Qd2 Qxe5 38. f3 Qc7 39. e4 Qc4 40. exd5 Qxd5 41. Qxh6 Qa2+ 42. Kh3 Qb2 43. Qf4 Qh8+ 44. Kg2 Qb2+ 45. Kh3 Qg7 46. Qd2+ Ke7 47. Qg5+ Qf6 48. Qe3 Qf5+ 49. Kg2 Qb5 50. Qc3 Kd7 51. Qd4+ Qd5 52. Qxb6 Qd2+ 53. Kh3 Qd3 54. Qb7+ Ke8 55. Qc6+ Ke7 56. Qc5+ Kf6 57. f4 Qf1+ 58. Kg4 Qe2+ 59. Kh3 Qh5+ 60. Kg2 Qxc5 61. bxc5 a5 62. c6 Ke7 63. Kf2 a4 64. Ke2 a3 65. Kd2 a2 66. c7 Kd7 0-1

[Event "Junior Online 4NCL Division 3"]
[Site "online"]
[Date "2021.09.16"]
[EventDate "2021.09.16"]
[Round "3.156"]
[White "Keech, Gabriel"]
[WhiteElo "1520"]
[WhiteTeam "Somerset Lions"]
[Black "Bazan, Mateusz"]
[BlackElo "1482"]
[BlackTeam "Charlton Tigers"]
[Result "1-0"]
[PlyCount "73"]

1. c4 g6 2. Nc3 Bg7 3. g3 Nc6 4. Bg2 Nf6 5. Nf3 b6 6. O-O Bb7 7. d3 O-O 8. a3 e6 9. b4 Ne7 10. Bb2 d5 11. cxd5 Nfxd5 12. Rc1 Nxc3 13. Bxc3 Bxc3 14. Rxc3 Nd5 15. Rc1 a5 16. bxa5 Rxa5 17. e4 Nf6 18. Rc3 Qa8 19. Rxc7 Rxa3 20. Ne5 Rd8 21. Rc2 Nxe4 22. Qe2 Nc5 23. Bxb7 Qxb7 24. Rb1 Qa6 25. Rd2 f6 26. Nc6 Rdxd3 27. Nb4 Rxd2 28. Qxd2 Qc8 29. Qc1 Qd8 30. Qxa3 Ne4 31. Qe3 f5 32. Nd3 Qd6 33. Rxb6 Qd8 34. Rxe6 Qd7 35. Rb6 Nc3 36. Rb8+ Kf7 37. Ne5+ 1-0

[Event "Junior Online 4NCL Division 3"]
[Site "online"]
[Date "2021.09.16"]
[EventDate "2021.09.16"]
[Round "3.157"]
[White "Verbytski, Oleg"]
[WhiteElo "1462"]
[WhiteTeam "Charlton Tigers"]
[Black "Wang, Andy"]
[BlackElo "1361"]
[BlackTeam "Somerset Lions"]
[Result "1/2-1/2"]
[PlyCount "106"]

1. e4 e5 2. Nf3 Nc6 3. Bc4 Bc5 4. O-O d6 5. c3 Bb6 6. d4 exd4 7. cxd4 Nf6 8. Bg5 h6 9. Bxf6 Qxf6 10. e5 dxe5 11. dxe5 Qe7 12. h3 O-O 13. Re1 Rd8 14. Qb3 Na5 15. Qc3 Nxc4 16. Qxc4 Be6 17. Qc2 Rd7 18. Nc3 Rad8 19. Rad1 Bc4 20. Rxd7 Rxd7 21. b3 Bd3 22. Qb2 Qe6 23. Rd1 Ba6 24. Rxd7 Qxd7 25. Qd2 Qxd2 26. Nxd2 Bd4 27. Nd5 Bxe5 28. Nf3 Bd6 29. g4 Bd3 30. Nd2 c6 31. Nc3 Bb4 32. Nce4 b5 33. f4 c5 34. Kf2 c4 35. bxc4 bxc4 36. Ke3 Bxe4 37. Nxe4 c3 38. Kd3 Kh7 39. Nxc3 Bd6 40. f5 a5 41. a4 g6 42. Ne4 Bb4 43. fxg6+ Kxg6 44. Ke3 h5 45. Kf4 hxg4 46. hxg4 Be1 47. g5 Bb4 48. Kf3 Be7 49. Kg4 Bd8 50. Kf4 Be7 51. Kg4 Bd8 52. Kh4 Bc7 53. Kg4 Bd8 1/2-1/2

[Event "Junior Online 4NCL Division 3"]
[Site "online"]
[Date "2021.09.16"]
[EventDate "2021.09.16"]
[Round "3.158"]
[White "Ranpura, Kirin"]
[WhiteElo "1391"]
[WhiteTeam "Somerset Lions"]
[Black "Gao, Alex"]
[BlackElo "1270"]
[BlackTeam "Charlton Tigers"]
[Result "0-1"]
[PlyCount "36"]

1. d4 d5 2. Bf4 c6 3. e3 Bf5 4. c4 Nf6 5. Nc3 e6 6. Nf3 Be7 7. Be2 O-O 8. Qb3 dxc4 9. Qxb7 Nbd7 10. Qxc6 Rc8 11. Qa4 Qb6 12. Rb1 Bxb1 13. Nxb1 Qxb2 14. Nbd2 c3 15. Nc4 Qb1+ 16. Bd1 c2 17. Qxc2 Qxc2 18. Bxc2 Rxc4 0-1